| 000 -LEADER |
| fixed length control field |
01175cam a22003018i 4500 |
| 001 - CONTROL NUMBER |
| control field |
20702521 |
| 005 - DATE AND TIME OF LATEST TRANSACTION |
| control field |
20201105131758.0 |
| 008 - FIXED-LENGTH DATA ELEMENTS--GENERAL INFORMATION |
| fixed length control field |
181005s2019 enk b 001 0 eng c |
| 010 ## - LIBRARY OF CONGRESS CONTROL NUMBER |
| LC control number |
2018042344 |
| 020 ## - INTERNATIONAL STANDARD BOOK NUMBER |
| International Standard Book Number |
9781138121294 (pbk. : alk. paper) |
| 041 ## - LANGUAGE CODE |
| Language code of text/sound track or separate title |
eng |
| 080 ## - UNIVERSAL DECIMAL CLASSIFICATION NUMBER |
| Universal Decimal Classification number |
338.488 M-31 |
| 245 10 - TITLE STATEMENT |
| Title |
Marketing for tourism and hospitality : |
| Remainder of title |
collaboration, technology and experiences / |
| Statement of responsibility, etc. |
Alan Fyall, Patrick Legohérel, Isabelle Frochot and Youcheng Wang. |
| 264 #1 - PRODUCTION, PUBLICATION, DISTRIBUTION, MANUFACTURE, AND COPYRIGHT NOTICE |
| Place of production, publication, distribution, manufacture |
New York, NY : |
| Name of producer, publisher, distributor, manufacturer |
Routledge, |
| Date of production, publication, distribution, manufacture, or copyright notice |
2019. |
| 300 ## - PHYSICAL DESCRIPTION |
| Extent |
594 pages |
| Other physical details |
25 cm |
| 650 #0 - SUBJECT ADDED ENTRY--TOPICAL TERM |
| Topical term or geographic name entry element |
Tourism |
| General subdivision |
Marketing. |
| 9 (RLIN) |
9707 |
| 650 #0 - SUBJECT ADDED ENTRY--TOPICAL TERM |
| Topical term or geographic name entry element |
Hospitality industry |
| General subdivision |
Marketing. |
| 9 (RLIN) |
9708 |
| 653 ## - INDEX TERM--UNCONTROLLED |
| keyword |
ტურიზმი |
| 653 ## - INDEX TERM--UNCONTROLLED |
| keyword |
მარკეტინგი |
| 653 ## - INDEX TERM--UNCONTROLLED |
| keyword |
სტუმართმოყვარეობის ინდუსტრია |
| 653 ## - INDEX TERM--UNCONTROLLED |
| keyword |
ეკონომიკა |
| 700 1# - ADDED ENTRY--PERSONAL NAME |
| Personal name |
Fyall, Alan |
| Relator term |
ავტორი |
| 9 (RLIN) |
9709 |
| 700 1# - ADDED ENTRY--PERSONAL NAME |
| Personal name |
Legohérel, Patrick, |
| Relator term |
ავტორი |
| 9 (RLIN) |
9710 |
| 700 1# - ADDED ENTRY--PERSONAL NAME |
| Personal name |
Frochot, Isabelle, |
| Relator term |
ავტორი |
| 9 (RLIN) |
9711 |
| 700 1# - ADDED ENTRY--PERSONAL NAME |
| Personal name |
Wang, Youcheng., |
| Relator term |
ავტორი |
| 9 (RLIN) |
9712 |
| 942 ## - ADDED ENTRY ELEMENTS (KOHA) |
| Source of classification or shelving scheme |
|
| Koha item type |
წიგნი |